Virginia State Senators - Statistics

General Stats
  • This quiz has been taken 17 times
    8 since last reset
  • The average score is 14 of 40
Answer Stats
Answer % Correct
Bill DeSteph
67%
Jill Vogel
67%
Mamie Locke
67%
Mark Obenshain
67%
Mark Peake
67%
Richard Stuart
67%
Ryan McDougle
67%
Todd Pillion
67%
Aaron Rouse
33%
Amanda Chase
33%
Barbara Favola
33%
Bryce Reeves
33%
Chap Petersen
33%
Creigh Deeds
33%
David Marsden
33%
David Sutterlein
33%
Dick Saslaw
33%
Frank Ruff
33%
George Barker
33%
Ghazala Hashimi
33%
Jennifer Boysko
33%
Jeremy McPike
33%
Joe Morrissey
33%
John Bell
33%
John Cosgrove
33%
John Edwards
33%
Lamont Bagby
33%
Louise Lucas
33%
Lynwood Lewis
33%
Monty Mason
33%
Scott Surovell
33%
Siobhan Dunnavant
33%
Tommy Norment
33%
Travis Hackworth
33%
Adam Ebbin
0%
Bill Stanley
0%
Emmett Hanger
0%
Janet Howell
0%
Lionel Spruill
0%
Stephen Newman
0%
No matching quizzes found
Score Distribution
Percent of People with Each Score
Percentile by Number Answered
Your Score History
You have not taken this quiz since the last reset